Zufällige französische Wörter auf Deutsch - Statistiken

Allgemein
  • Dieses Quiz wurde 2.149 mal gespielt
  • Das Durchschnittsergebnis liegt bei 14 aus 21
Antwortstatistiken
Französisch Deutsche % Korrekt
France Frankreich
98%
Merci Danke
97%
Oui Ja
96%
Bien Gut
94%
Allemagne Deutschland
93%
Femme Frau
93%
Amour Liebe
93%
Train Zug
92%
Trois Drei
91%
Petit Klein
91%
Noir Schwarz
91%
Anglais Englisch
90%
Maison Haus
90%
Carotte Karotte
90%
Rouge Rot
90%
Blanc Weiß
90%
Bonjour Hallo
87%
Ville Stadt
87%
Deux Zwei
87%
Musée Museum
86%
Fromage Käse
85%
Homme Mann
85%
Avec Mit
85%
Nom Name
85%
Danse Tanzen
85%
Eau Wasser
85%
Nouveau Neu
84%
Sucre Zucker
84%
Fin Ende
83%
Ministre Minister
83%
Frites Pommes
83%
Vous Du
82%
l'eau Wasser
82%
Fleur Blume
81%
Garçon Junge
81%
Vie Leben
81%
École Schule
81%
Ville Stadt
80%
Noël Weihnachten
80%
Visage Gesicht
79%
Soleil Sonne
78%
Livre Buch
77%
Mère Mutter
77%
Après Nach
77%
Très Sehr
77%
Nord Norden
76%
Mardi Dienstag
75%
Prix Preis
75%
Père Vater
75%
Pain Brot
74%
Lune Mond
74%
Soir Abend
73%
Faux Falsch
73%
Sans Ohne
73%
Jolie Schön
72%
Du vin Wein
71%
Tête Kopf
69%
Monde Welt
68%
Mort Tot
67%
Autre Andere
65%
Chérie Schatz
65%
Journée Tag
62%
Rivière Fluss
61%
Cœur Herz
61%
Fête Party
60%
Dieu Gott
59%
Ciel Himmel
58%
Chaise Stuhl
58%
Avion Flugzeug
57%
Roi König
57%
Guerre Krieg
56%
Sortie Ausgang
55%
Roi König
54%
Croix Kreuz
54%
Chaise Stuhl
54%
Ordinateur Computer
52%
Moi Mir
52%
Patate Kartoffel
51%
Pont Brücke
49%
Beaucoup Viele
49%
Cheveux Haar
48%
Escargot Schnecke
48%
Haut Hoch
45%
Vérité Wahrheit
45%
An Jahr
44%
Oiseau Vogel
44%
Reine Königin
32%
Bienvenu Wilkommen
32%
Tour Turm
28%
Gratuit Kostenlos
27%
Étude Studie
27%
Gras Fett
24%
Ennui Langeweile
22%
Chevalier Ritter
18%
Aliments Essen
13%
Patron Boss
9%
Adieu Abschied
6%
Mine Bergwerk
2%
Frontière Rand
1%
Ernte Surgir
0%
Keine übereinstimmenden Quizze gefunden
Verteilung der Resultate
Anzahl Personen mit jedem Resultat
Perzentil nach korrekt beantworteten Fragen
Ihre Resultats-Entwicklung
Sie haben dieses Quiz noch nicht gespielt